000 00565nam a2200217 a 4500
001 0001-2253
003 ELIB.Books
008 190809 2010 eng
020 _aKBTS, Insein
092 _aB
_bSpa
100 _aSparkman, G. Temp.
245 _aThe Salvation and Nurture of the Child of God
260 _aValley Forge
_bJudson Press
_c1983
300 _a270
_c22 Cm
650 _aBiography
856 _nKBTS Library
_uKBTS Elib
942 _2ddc
_cBK
990 _a1
998 _aEnglishbooks.elf
_ccat
_e2019-08-09
999 _c12253
_d12253